Anadolu güneş uygarlığı / (Kayıt no. 10312)

MARC ayrıntıları
000 -BAŞLIK
Sabit Uzunluktaki Kontrol Alanı 01030nam a22002297a 4500
003 - KONTROL NUMARASI KİMLİĞİ
Kontrol Alanı KOHA_MİRAKIL
005 - EN SON İŞLEM TARİHİ ve ZAMANI
Kontrol Alanı 20260428081320.0
008 - SABİT UZUNLUKTAKİ VERİ ÖGELERİ - GENEL BİLGİ
Sabit Alan 260421b tu ||||| |||| 00| 0 tur d
020 ## - ISBN - ULUSLARARASI STANDART KİTAP NUMARASI
Isbn 9759513129
040 ## - KATALOGLAMA KAYNAĞI
Özgün Kataloglama Kurumu TR-AnABB
Kataloglama Dili tur
Çeviri Kurumu TR-AnABB
041 ## - DİL KODU
Metin ya da ses kaydının dil kodu tur
082 ## - DEWEY ONU SINIFLAMA SİSTEMİ
Sınıflama Numarası 728.370 472 095 61
Cutter numarası GOK 2000
100 1# - KİŞİ ADI
Yazar Adı (Kişi adı) Göksu, Çetin
245 10 - ESER ADI BİLDİRİMİ
Başlık Anadolu güneş uygarlığı /
Sorumluluk Bildirimi Çetin Göksu
260 ## - YAYIN, DAĞITIM, VB.
Yayın Yeri Ankara :
Yayınevi İmaj yayınevi,
Yayın Tarihi 2000
300 ## - FİZİKSEL TANIMLAMA
Sayfa, Cilt vb. 200 sayfa ;
Boyutları 20 cm
500 ## - GENEL NOT
Genel Not Yazar tarafından Prof. Dr. Ruşen Keleş için imzalanmıştır.
505 ## - İÇİNDEKİLER NOTU
İçindekiler Notu İçindekiler: Neden Güneş Uygarlığı- Yeni Bir Anadolu - Çevre Kirlenmesinin boyutları - Uygarlık sorunu ve güneş - Bilinç kirlenmesi ve güneş bilinci - Güneş uygarlığı projeleri - Anadolu güneş uygarlığı - Türkiye'nin enerji seçimi - Güneş teknolojileri - Anadolu güneş mimarisi - Güneş Uygarlığı projesi
650 04 - KONU BAŞLIĞI EK GİRİŞ - KONU TERİMİ
Konusal terim veya coğrafi ad Mimari, Güneş enerjisi
900 ## - YEREL BİLGİ
Kontrol Can ÇELIK
942 ## - EK GİRİŞ ÖGELERİ (KOHA)
Sınıflama Kaynağı Dewey Decimal Classification
Materyal Türü Kitap
Mevcut
Geri Çekilme Durumu Kayıp Durumu Sınıflandırma Kaynağı Kredi için değil Kalıcı Konum Mevcut Konum Kayıt Tarih Toplam Ödünçverme Yer Numarası Demirbaş Numarası Son Görülme Tarihi Fatura Tarihi Materyal Türü
    Dewey Decimal Classification   Prof. Dr. Ruşen Keleş Kütüphanesi Prof. Dr. Ruşen Keleş Kütüphanesi 21/04/2026   728.370 472 095 61 GOK 2000 RK7219 21/04/2026 21/04/2026 Kitap